| 000 | 01147nam a22002775a 4500 | ||
|---|---|---|---|
| 003 | OSt | ||
| 005 | 20170411103340.0 | ||
| 008 | 170410s2016 ua frb 000 0 ara d | ||
| 015 | _a2016 / 3048 | ||
| 020 | _a9789770480298 | ||
| 040 |
_aEG-ScBUE _bara _cEG-ScBUE |
||
| 043 | _af-ua--- | ||
| 082 | 0 | 4 |
_a347.6205041 _bأ ح م _222 |
| 100 | 1 | _aأحمد، أحمد خليفة شرقاوي. | |
| 245 | 1 | 2 |
_aمسئولية المحامي المدنية عن إفشاء الأسرار المهنية : _bدراسة مقارنة بين الفقه الإسلامي والقانون الوضعي / _cإعداد أحمد خليفة شرقاوي أحمد |
| 250 | _aط. 1. | ||
| 260 |
_aالقاهرة : _bدار النهضة العربية، _c2016. |
||
| 300 |
_a66 ص. ؛ _c24 سم. |
||
| 504 | _aيشتمل على إرجاعات ببليوجرافية. | ||
| 650 | 7 |
_aالمسئولية المدنية للمحامين _zمصر. _2BUEsh |
|
| 650 | 7 |
_aالمحامون _zمصر. _2BUEsh |
|
| 650 | 7 |
_aالمسئولية المدنية للمحامين (فقه إسلامي) _2BUEsh |
|
| 651 | _2BUEsh | ||
| 653 |
_bLLAAWW _cApril2017 |
||
| 942 | _2ddc | ||
| 999 |
_c24647 _d24619 |
||